[Event "Junior Online 4NCL Division 2"]
[Site "online"]
[Date "2020.10.01"]
[Round "4.166"]
[White "Parikh, Naavya"]
[Black "Eradi, Madhav"]
[Result "1-0"]
[WhiteElo "1420"]
[BlackElo "1292"]
[PlyCount "65"]
[EventDate "2020.10.01"]
[WhiteTeam "Harrow Juniors B"]
[BlackTeam "Leicestershire Juniors 2"]

1. e4 e5 2. Nf3 Nc6 3. Bc4 Nf6 4. Ng5 d5 5. exd5 Na5 6. Bb5+ c6 7. dxc6 bxc6 8.
Be2 Bd6 9. Nc3 O-O 10. Nge4 Nxe4 11. Nxe4 Bf5 12. Nxd6 Qxd6 13. d3 Qg6 14. O-O
Bh3 15. Bf3 Rad8 16. Bd2 Rfe8 17. Bxa5 Rd4 18. Bxc6 Rg4 19. g3 Bxf1 20. Bxe8
Bh3 21. Bd7 Ra4 22. Bxh3 Rxa5 23. Qf3 h6 24. Bf5 Qd6 25. Qa8+ Qf8 26. Qxf8+
Kxf8 27. a3 Rc5 28. c4 Rb5 29. cxb5 Ke7 30. Rc1 Kd6 31. Rc6+ Kd5 32. Be4+ Kd4
33. Rc4# 1-0

[Event "Junior Online 4NCL Division 2"]
[Site "online"]
[Date "2020.10.01"]
[Round "4.167"]
[White "Cimurs, Alexander"]
[Black "Jayakumar, Bharath"]
[Result "0-1"]
[WhiteElo "1292"]
[BlackElo "1427"]
[PlyCount "88"]
[EventDate "2020.10.01"]
[WhiteTeam "Leicestershire Juniors 2"]
[BlackTeam "Harrow Juniors B"]

1. e4 c5 2. Nf3 d6 3. Bc4 Nf6 4. Ng5 e6 5. Nc3 Be7 6. d3 O-O 7. O-O a6 8. h3 h6
9. Nf3 b6 10. a3 Bb7 11. Be3 d5 12. exd5 exd5 13. Bb3 d4 14. Ne2 dxe3 15. fxe3
Nd5 16. e4 Ne3 17. Qe1 Nxf1 18. Qxf1 Nc6 19. Bd5 Qc7 20. Bxc6 Bxc6 21. b3 Bf6
22. Rb1 a5 23. a4 b5 24. c4 bxa4 25. bxa4 Bxa4 26. Rc1 Rab8 27. Qf2 Rb2 28. Qe3
Rfb8 29. g3 Rb1 30. Rxb1 Rxb1+ 31. Kg2 Bd1 32. Nf4 Rb2+ 33. Kg1 Bxf3 34. Qxf3
Bd4+ 35. Kh1 Rb1+ 36. Kg2 Qb7 37. h4 Qb2+ 38. Kh3 a4 39. Nh5 a3 40. Qf4 Rh1+
41. Kg4 a2 42. Kf3 Rf1+ 43. Kg4 Qe2+ 44. Kf5 Qxh5# 0-1

[Event "Junior Online 4NCL Division 2"]
[Site "online"]
[Date "2020.10.01"]
[Round "4.168"]
[White "Evans, Daniel"]
[Black "Shen, Alex"]
[Result "1-0"]
[WhiteElo "1217"]
[BlackElo "1195"]
[PlyCount "41"]
[EventDate "2020.10.01"]
[WhiteTeam "Harrow Juniors B"]
[BlackTeam "Leicestershire Juniors 2"]

1. c4 e5 2. g3 Bc5 3. e3 Nc6 4. Bg2 Nf6 5. Ne2 d6 6. Nbc3 Bg4 7. h3 Bxe2 8.
Nxe2 Qe7 9. O-O O-O 10. Re1 Rad8 11. d4 exd4 12. exd4 Bb6 13. Nc3 Nxd4 14. Rxe7
Rc8 15. Bxb7 Rb8 16. Bd5 c5 17. Bg5 Nxd5 18. Nxd5 Rbe8 19. Nf6+ gxf6 20. Bxf6
Rxe7 21. Qg4# 1-0

[Event "Junior Online 4NCL Division 2"]
[Site "online"]
[Date "2020.10.15"]
[Round "5.11"]
[White "Vitvitska, Vasylyna"]
[Black "Karjodkar, Praneeta"]
[Result "1-0"]
[WhiteElo "1120"]
[BlackElo "1202"]
[PlyCount "91"]
[EventDate "2020.10.15"]
[WhiteTeam "St Albans Early Knights 3"]
[BlackTeam "Harrow Juniors D"]

1. e4 e5 2. Nf3 Nc6 3. Nc3 Nf6 4. Bc4 Bc5 5. d3 h6 6. Be3 d6 7. h3 Be6 8. O-O
O-O 9. a3 a5 10. Qd2 Qe7 11. Nd5 Nxd5 12. exd5 Bf5 13. dxc6 bxc6 14. Bxc5 dxc5
15. Rfe1 Qf6 16. Nxe5 Rab8 17. b3 h5 18. Re3 Qg5 19. Re2 Qxd2 20. Rxd2 Rbe8 21.
Nxc6 Kh8 22. Nxa5 Re7 23. Nc6 Ree8 24. a4 f6 25. a5 Ra8 26. a6 g5 27. a7 g4 28.
hxg4 hxg4 29. Bd5 Bg6 30. Ne7 Rxa7 31. Nxg6+ Kg7 32. Rxa7 Kxg6 33. Rxc7 Rh8 34.
Rxc5 f5 35. b4 f4 36. b5 g3 37. f3 Rh2 38. b6 Kg5 39. b7 Kh4 40. b8=Q Kg5 41.
Qg8+ Kh4 42. Qh7+ Kg5 43. Bc4+ Kf6 44. Rc6+ Kg5 45. Qg6+ Kh4 46. Qh6# 1-0

[Event "Junior Online 4NCL Division 2"]
[Site "online"]
[Date "2020.10.15"]
[Round "5.12"]
[White "Evans, Joseph"]
[Black "Jardzioch, Ernest"]
[Result "1/2-1/2"]
[WhiteElo "1135"]
[BlackElo "992"]
[PlyCount "120"]
[EventDate "2020.10.15"]
[WhiteTeam "Harrow Juniors D"]
[BlackTeam "St Albans Early Knights 3"]

1. c4 e5 2. g3 Nc6 3. Bg2 Nf6 4. e3 d5 5. cxd5 Nxd5 6. Ne2 Bd6 7. O-O Nf6 8.
Nbc3 O-O 9. d4 Be6 10. dxe5 Bxe5 11. Ne4 Qxd1 12. Nxf6+ Bxf6 13. Rxd1 Rad8 14.
Bd2 Bxb2 15. Rab1 Bf6 16. Rxb7 Rc8 17. Bxc6 Bxa2 18. Rxa7 Bc4 19. Bf3 Rfd8 20.
Ra4 Bb3 21. Rb1 Bxa4 22. Bb7 Rb8 23. Rb4 Rxd2 24. Rxa4 Rb2 25. Bf3 R2b4 26. Ra7
Rb1+ 27. Kg2 R8b7 28. Ra8+ Rb8 29. Ra7 Ra1 30. Rxc7 Bd8 31. Rd7 Rc8 32. Nd4
Raa8 33. Bxa8 Rxa8 34. Nc6 Bc7 35. Rxc7 Rf8 36. Kf3 Re8 37. Ne7+ Kf8 38. Nd5
Kg8 39. Kg4 Rf8 40. f4 Re8 41. Kf3 Rf8 42. h4 Re8 43. g4 Rf8 44. e4 g6 45. f5
gxf5 46. exf5 Rd8 47. Nf6+ Kg7 48. g5 h6 49. Kf4 Rd4+ 50. Ke5 Rxh4 51. Ne8+ Kf8
52. Rc8 Ke7 53. f6+ Kd7 54. Ra8 hxg5 55. Nd6 Rh7 56. Nxf7 Rxf7 57. Ra7+ Ke8 58.
Rxf7 Kxf7 59. Kf5 g4 60. Kxg4 Kxf6 1/2-1/2

[Event "Junior Online 4NCL Division 2"]
[Site "online"]
[Date "2020.10.15"]
[Round "5.14"]
[White "Grahame, Edgar"]
[Black "Owladi, Maya"]
[Result "0-1"]
[WhiteElo "1150"]
[BlackElo "797"]
[PlyCount "46"]
[EventDate "2020.10.15"]
[WhiteTeam "Harrow Juniors D"]
[BlackTeam "St Albans Early Knights 3"]

1. e4 e5 2. Nf3 Nc6 3. Nc3 Nf6 4. Bb5 d6 5. Nd5 Nxe4 6. O-O Be6 7. Nf4 Qd7 8.
Nxe6 Qxe6 9. Qe1 Nf6 10. Nxe5 dxe5 11. d3 Bc5 12. Be3 Bb6 13. Bxb6 axb6 14.
Bxc6+ bxc6 15. Rd1 Qxa2 16. Rd2 O-O 17. Rd1 Qxb2 18. Rb1 Qxc2 19. Ra1 Qxd3 20.
Rxa8 Rxa8 21. Qa1 Rxa1 22. Rxa1 h6 23. Ra6 Qd1# 0-1

[Event "Junior Online 4NCL Division 2"]
[Site "online"]
[Date "2020.10.15"]
[Round "5.15"]
[White "Karjodkar, Praneeta"]
[Black "Vitvitska, Vasylyna"]
[Result "1/2-1/2"]
[WhiteElo "1202"]
[BlackElo "1120"]
[PlyCount "28"]
[EventDate "2020.10.15"]
[WhiteTeam "Harrow Juniors D"]
[BlackTeam "St Albans Early Knights 3"]

1. e4 e5 2. Nf3 Nc6 3. Bc4 Nd4 4. Nxd4 exd4 5. d3 h6 6. c3 dxc3 7. Nxc3 Bb4 8.
O-O d6 9. Qf3 Nf6 10. Be3 O-O 11. Qg3 Nh5 12. Qf3 Nf6 13. Qg3 Nh5 14. Qf3 Nf6
1/2-1/2

[Event "Junior Online 4NCL Division 2"]
[Site "online"]
[Date "2020.10.15"]
[Round "5.16"]
[White "Jardzioch, Ernest"]
[Black "Evans, Joseph"]
[Result "1-0"]
[WhiteElo "992"]
[BlackElo "1135"]
[PlyCount "59"]
[EventDate "2020.10.15"]
[WhiteTeam "St Albans Early Knights 3"]
[BlackTeam "Harrow Juniors D"]

1. e4 c5 2. Nf3 Nc6 3. Nc3 g6 4. Bc4 e6 5. O-O Bg7 6. d3 Nge7 7. Bg5 O-O 8. Rb1
Re8 9. a3 Qa5 10. Qd2 d5 11. exd5 exd5 12. Nxd5 Nxd5 13. Bxd5 Qxd2 14. Nxd2 Re2
15. Ne4 Rxc2 16. Rfc1 Rxc1+ 17. Rxc1 Bxb2 18. Rxc5 Bd7 19. Nf6+ Kg7 20. Nxd7
Bxa3 21. Bf6+ Kg8 22. Rc3 Bb4 23. Rc4 Ba5 24. Bxc6 Re8 25. Re4 Rxe4 26. dxe4
bxc6 27. Bd4 a6 28. Kf1 Bb4 29. Nc5 Kf8 30. Nxa6 1-0

[Event "Junior Online 4NCL Division 2"]
[Site "online"]
[Date "2020.10.15"]
[Round "5.18"]
[White "Owladi, Maya"]
[Black "Grahame, Edgar"]
[Result "0-1"]
[WhiteElo "797"]
[BlackElo "1150"]
[PlyCount "102"]
[EventDate "2020.10.15"]
[WhiteTeam "St Albans Early Knights 3"]
[BlackTeam "Harrow Juniors D"]

1. e4 Nc6 2. Nf3 Nf6 3. e5 Ne4 4. Qe2 d5 5. exd6 Nxd6 6. Nc3 Nf5 7. d4 Ncxd4 8.
Qe4 Nxf3+ 9. Qxf3 Nd4 10. Qf4 Nxc2+ 11. Ke2 Nxa1 12. Qa4+ Bd7 13. Qd4 Bb5+ 14.
Ke1 Qxd4 15. Nxb5 Qb4+ 16. Nc3 Nc2+ 17. Kd1 Qd4+ 18. Kxc2 Rd8 19. Bb5+ c6 20.
Ne2 Qd1+ 21. Rxd1 cxb5 22. Rxd8+ Kxd8 23. Nd4 a6 24. Bg5 f6 25. Bf4 e5 26. Ne6+
Ke7 27. Nxf8 Rxf8 28. Be3 Rc8+ 29. Kb1 Rd8 30. Bc5+ Kf7 31. Kc2 Rc8 32. b4 a5
33. a3 axb4 34. axb4 b6 35. Kd3 bxc5 36. bxc5 Rxc5 37. h4 b4 38. g4 b3 39. Kd2
b2 40. Ke3 b1=Q 41. g5 Qb3+ 42. Ke4 fxg5 43. hxg5 Qb4+ 44. Kf5 e4+ 45. Kg4 e3+
46. Kh5 g6+ 47. Kh6 Ke6 48. fxe3 Qh4+ 49. Kg7 Rc7+ 50. Kf8 Qxg5 51. Ke8 Qe7#
0-1

[Event "Junior Online 4NCL Division 2"]
[Site "online"]
[Date "2020.10.15"]
[Round "5.21"]
[White "Madhavan, Sanjith"]
[Black "Miller, Kai"]
[Result "1-0"]
[WhiteElo "1466"]
[BlackElo "1382"]
[PlyCount "99"]
[EventDate "2020.10.15"]
[WhiteTeam "East Kilbride Knights"]
[BlackTeam "Warwickshire Bears D"]

1. e4 e5 2. Nf3 Nc6 3. Nc3 Nf6 4. Be2 Be7 5. O-O O-O 6. d4 exd4 7. Nxd4 Bc5 8.
Be3 Bb6 9. Qd2 d6 10. Nxc6 bxc6 11. Bxb6 axb6 12. Rad1 Be6 13. a3 Qd7 14. Bf3
Rad8 15. Qe2 d5 16. Rd2 Qd6 17. e5 Qe7 18. exf6 Qxf6 19. Re1 c5 20. Nxd5 Bxd5
21. Bxd5 c6 22. Bb3 h6 23. Rxd8 Rxd8 24. c3 g6 25. g3 Kg7 26. Kf1 b5 27. Qe7 c4
28. Bc2 Rd2 29. Qxf6+ Kxf6 30. Re2 Rd5 31. Ke1 Re5 32. Rxe5 Kxe5 33. Ke2 c5 34.
Ke3 f5 35. f4+ Kd5 36. Bd1 Kc6 37. Bf3+ Kd6 38. Kd2 Ke6 39. Bc6 b4 40. axb4
cxb4 41. cxb4 Kd6 42. Be8 g5 43. Kc3 Kd5 44. Bf7+ Ke4 45. fxg5 hxg5 46. b5 Kf3
47. b6 Kg2 48. b7 Kxh2 49. b8=Q Kh3 50. Qe5 1-0

[Event "Junior Online 4NCL Division 2"]
[Site "online"]
[Date "2020.10.15"]
[Round "5.22"]
[White "Alexander, Ryan"]
[Black "Shrestha, Unnabh"]
[Result "0-1"]
[WhiteElo "1405"]
[BlackElo "1084"]
[PlyCount "48"]
[EventDate "2020.10.15"]
[WhiteTeam "Warwickshire Bears D"]
[BlackTeam "East Kilbride Knights"]

1. e4 c6 2. Nf3 d5 3. e5 Bf5 4. d4 e6 5. Nc3 Ne7 6. Bd3 Bxd3 7. Qxd3 Nd7 8. Be3
c5 9. dxc5 Nc6 10. Ng5 Bxc5 11. Nxh7 Bxe3 12. fxe3 Ndxe5 13. Qb5 Rxh7 14. O-O
Qc7 15. Qe2 Kd7 16. Qf2 Rah8 17. h3 Ke8 18. Nb5 Qe7 19. e4 a6 20. Na7 Ng4 21.
Qb6 Nxa7 22. Qxa7 Qc7 23. Qa8+ Ke7 24. Qa7 Qh2# 0-1

[Event "Junior Online 4NCL Division 2"]
[Site "online"]
[Date "2020.10.15"]
[Round "5.23"]
[White "Tandon, Ashley"]
[Black "Sagyaman, Vassily M"]
[Result "1-0"]
[WhiteElo "911"]
[BlackElo "1345"]
[PlyCount "65"]
[EventDate "2020.10.15"]
[WhiteTeam "East Kilbride Knights"]
[BlackTeam "Warwickshire Bears D"]

1. d4 d5 2. c4 e6 3. cxd5 exd5 4. Nc3 Nf6 5. Bg5 Be7 6. e3 O-O 7. Bd3 Nbd7 8.
Nf3 b6 9. O-O Bb7 10. Rc1 c5 11. Re1 Qc7 12. Bf4 Qd8 13. Nb5 a6 14. Nc7 Rc8 15.
Nxa6 Bxa6 16. Bxa6 Ra8 17. Bb5 Re8 18. a4 h6 19. h3 Nf8 20. Bxe8 Qxe8 21. b3
cxd4 22. Nxd4 Rd8 23. Nc6 Rc8 24. Nxe7+ Qxe7 25. Rxc8 Qd7 26. Rc7 Qe8 27. b4
Ng6 28. Qc2 Nxf4 29. Rc8 Qf8 30. Rxf8+ Kxf8 31. Qc8+ Ne8 32. exf4 f6 33. Qxe8#
1-0

[Event "Junior Online 4NCL Division 2"]
[Site "online"]
[Date "2020.10.15"]
[Round "5.24"]
[White "Kuang, Felix"]
[Black "Pardeshi, Prachi"]
[Result "1/2-1/2"]
[WhiteElo "1315"]
[BlackElo "523"]
[PlyCount "91"]
[EventDate "2020.10.15"]
[WhiteTeam "Warwickshire Bears D"]
[BlackTeam "East Kilbride Knights"]

1. e4 e5 2. Nf3 Nc6 3. Bc4 h6 4. Nc3 Nf6 5. d3 Bb4 6. a3 Ba5 7. b4 Bb6 8. h3
Nd4 9. Nxd4 Bxd4 10. Bb2 c6 11. Bb3 d5 12. Rb1 Be6 13. exd5 Nxd5 14. Nxd5 Bxd5
15. Bxd4 exd4 16. Qe2+ Qe7 17. Qxe7+ Kxe7 18. Bxd5 cxd5 19. Kd2 Rhe8 20. Rhe1+
Kf8 21. Rxe8+ Rxe8 22. Re1 Rxe1 23. Kxe1 b5 24. Ke2 f5 25. Kf3 g5 26. g4 f4 27.
Ke2 Ke7 28. f3 Kd6 29. Kd2 a6 30. c3 dxc3+ 31. Kxc3 Kc6 32. Kd4 Kd6 33. Kc3 Ke5
34. d4+ Kd6 35. Kb3 Kc6 36. a4 Kb6 37. a5+ Kc6 38. Kc2 Kd6 39. Kd2 Ke6 40. Ke2
Kf6 41. Kf2 Kg6 42. Kg2 h5 43. Kf2 hxg4 44. fxg4 Kf6 45. Kf3 Ke6 46. Kf2
1/2-1/2

[Event "Junior Online 4NCL Division 2"]
[Site "online"]
[Date "2020.10.15"]
[Round "5.25"]
[White "Miller, Kai"]
[Black "Madhavan, Sanjith"]
[Result "0-1"]
[WhiteElo "1382"]
[BlackElo "1466"]
[PlyCount "110"]
[EventDate "2020.10.15"]
[WhiteTeam "Warwickshire Bears D"]
[BlackTeam "East Kilbride Knights"]

1. e4 c6 2. d4 d5 3. Nc3 dxe4 4. Nxe4 Bf5 5. Qe2 Qxd4 6. f3 Nf6 7. Nxf6+ Qxf6
8. Qc4 Qe6+ 9. Qxe6 Bxe6 10. Bd3 g6 11. Ne2 Bg7 12. Bd2 Nd7 13. O-O-O Nc5 14.
Be3 Nxd3+ 15. Rxd3 Bc4 16. Rd2 Bxe2 17. Rxe2 O-O-O 18. Rd2 Rxd2 19. Bxd2 Rd8
20. Rd1 e6 21. Ba5 Rxd1+ 22. Kxd1 Bxb2 23. Kd2 Kd7 24. Kd3 Be5 25. g3 b6 26.
Bc3 Bxc3 27. Kxc3 Kd6 28. f4 Kc5 29. a4 b5 30. axb5 cxb5 31. g4 a5 32. Kb2 Kc4
33. c3 Kd3 34. h3 Ke4 35. Kb3 Kxf4 36. c4 bxc4+ 37. Kxc4 Kg3 38. Kb5 Kxh3 39.
Kxa5 Kxg4 40. Kb5 h5 41. Kc6 h4 42. Kd7 h3 43. Ke7 f6 44. Kf7 f5 45. Kf6 f4 46.
Kxe6 f3 47. Ke5 f2 48. Kf6 h2 49. Kxg6 h1=Q 50. Kg7 f1=Q 51. Kg6 Qhg2 52. Kg7
Kg3 53. Kg6 Qff3 54. Kg7 Kf2+ 55. Kh7 Qfh3# 0-1

[Event "Junior Online 4NCL Division 2"]
[Site "online"]
[Date "2020.10.15"]
[Round "5.26"]
[White "Shrestha, Unnabh"]
[Black "Alexander, Ryan"]
[Result "1-0"]
[WhiteElo "1084"]
[BlackElo "1405"]
[PlyCount "53"]
[EventDate "2020.10.15"]
[WhiteTeam "East Kilbride Knights"]
[BlackTeam "Warwickshire Bears D"]

1. d4 d5 2. Bf4 Nc6 3. e3 Bf5 4. c3 Nf6 5. Nf3 e6 6. Bd3 Bg6 7. Qc2 Ne4 8. Nbd2
Be7 9. Nxe4 dxe4 10. Bxe4 Bxe4 11. Qxe4 O-O 12. Qd3 f5 13. O-O-O Na5 14. Rdg1
c6 15. g4 Qb6 16. gxf5 exf5 17. Bh6 Bf6 18. Qxf5 Rf7 19. Rg4 g6 20. Qe6 Raf8
21. Rhg1 Bg7 22. Rxg6 hxg6 23. Rxg6 Kh7 24. Ng5+ Kh8 25. Bxg7+ Rxg7 26. Rh6+
Rh7 27. Rxh7# 1-0

[Event "Junior Online 4NCL Division 2"]
[Site "online"]
[Date "2020.10.15"]
[Round "5.27"]
[White "Sagyaman, Vassily M"]
[Black "Tandon, Ashley"]
[Result "0-1"]
[WhiteElo "1345"]
[BlackElo "911"]
[PlyCount "46"]
[EventDate "2020.10.15"]
[WhiteTeam "Warwickshire Bears D"]
[BlackTeam "East Kilbride Knights"]

1. e4 c6 2. Nf3 d5 3. exd5 cxd5 4. d4 Bg4 5. c4 Nf6 6. Nc3 e6 7. Be2 Be7 8. O-O
O-O 9. Bf4 Nc6 10. Qc2 dxc4 11. Bxc4 Bxf3 12. gxf3 Qxd4 13. Ne2 Qc5 14. Rad1
Nh5 15. h3 Nxf4 16. Nxf4 Qg5+ 17. Ng2 Ne5 18. Rfe1 Nxf3+ 19. Kh1 Nxe1 20. Rxe1
Bb4 21. a3 Bxe1 22. Qe2 Ba5 23. b4 Bc7 0-1

[Event "Junior Online 4NCL Division 2"]
[Site "online"]
[Date "2020.10.15"]
[Round "5.28"]
[White "Pardeshi, Prachi"]
[Black "Kuang, Felix"]
[Result "1-0"]
[WhiteElo "523"]
[BlackElo "1315"]
[PlyCount "69"]
[EventDate "2020.10.15"]
[WhiteTeam "East Kilbride Knights"]
[BlackTeam "Warwickshire Bears D"]

1. e4 e5 2. Nf3 Nc6 3. d4 exd4 4. Nxd4 Bc5 5. Nxc6 bxc6 6. Nc3 Qe7 7. Bd3 Nf6
8. Bg5 h6 9. Bh4 Qe6 10. Qf3 Bd4 11. O-O O-O 12. Rad1 d6 13. Rfe1 Bd7 14. h3
Rfe8 15. Ba6 Be5 16. b3 Bxc3 17. Qxc3 Nxe4 18. Qd4 Qg6 19. Bd3 Bf5 20. g4 Bxg4
21. hxg4 Qxg4+ 22. Bg3 Nxg3 23. Qxg4 Rxe1+ 24. Rxe1 Ne2+ 25. Rxe2 g6 26. Qd7
Rf8 27. Qxc7 c5 28. Qxd6 c4 29. Bxc4 Kg7 30. Qe5+ f6 31. Qc7+ Kh8 32. Qxa7 f5
33. Re7 Rf7 34. Rxf7 Kg8 35. Qa8# 1-0

[Event "Junior Online 4NCL Division 2"]
[Site "online"]
[Date "2020.10.15"]
[Round "5.31"]
[White "McAndrew, Rory"]
[Black "Stapleton, Dean"]
[Result "1-0"]
[WhiteElo "1375"]
[BlackElo "1457"]
[PlyCount "41"]
[EventDate "2020.10.15"]
[WhiteTeam "Ojays E"]
[BlackTeam "Robin Hoods 1"]

1. e4 e5 2. Nf3 Nc6 3. Bc4 Bc5 4. d3 d6 5. Ng5 Nh6 6. Nf3 O-O 7. Bxh6 gxh6 8.
Qd2 Qf6 9. Nc3 Bg4 10. Nd5 Qg6 11. Bb5 Bb4 12. c3 Bxf3 13. gxf3 Bc5 14. Bxc6
bxc6 15. Ne7+ Kh8 16. Nxg6+ hxg6 17. Qxh6+ Kg8 18. O-O-O f6 19. Rhg1 Rf7 20.
Rxg6+ Rg7 21. Qxg7# 1-0

[Event "Junior Online 4NCL Division 2"]
[Site "online"]
[Date "2020.10.15"]
[Round "5.32"]
[White "Griffin-Young, Sebastian"]
[Black "Deeke, James"]
[Result "1-0"]
[WhiteElo "1390"]
[BlackElo "1345"]
[PlyCount "49"]
[EventDate "2020.10.15"]
[WhiteTeam "Robin Hoods 1"]
[BlackTeam "Ojays E"]

1. e4 e5 2. Nf3 Nc6 3. Bc4 Nf6 4. Nc3 Be7 5. O-O d6 6. d4 exd4 7. Nxd4 Nxd4 8.
Qxd4 O-O 9. b3 d5 10. exd5 c6 11. Bb2 cxd5 12. Nxd5 Re8 13. Rfe1 Bf8 14. Rxe8
Nxe8 15. Re1 Be6 16. Re5 Bxd5 17. Rxd5 Qe7 18. h3 Nf6 19. Re5 Qd7 20. Qxd7 Nxd7
21. Rf5 b6 22. Rxf7 Nc5 23. Rxg7+ Kh8 24. Rxa7+ Bg7 25. Rxa8# 1-0

[Event "Junior Online 4NCL Division 2"]
[Site "online"]
[Date "2020.10.15"]
[Round "5.33"]
[White "Houlihan, Elisabeth"]
[Black "Wood, Ethan"]
[Result "0-1"]
[WhiteElo "1285"]
[BlackElo "1375"]
[PlyCount "98"]
[EventDate "2020.10.15"]
[WhiteTeam "Ojays E"]
[BlackTeam "Robin Hoods 1"]

1. d4 d5 2. c4 c6 3. cxd5 cxd5 4. Nf3 Nf6 5. Nc3 Nc6 6. Bf4 Bf5 7. e3 e6 8. Bd3
Bd6 9. Bxd6 Bxd3 10. Qxd3 Qxd6 11. O-O O-O 12. Ng5 g6 13. Ne2 Nb4 14. Qd2 a5
15. a3 Nc6 16. b4 axb4 17. axb4 Rxa1 18. Rxa1 Nxb4 19. Nc3 Ng4 20. Nf3 Rc8 21.
h3 Nf6 22. Re1 Ne4 23. Nxe4 dxe4 24. Nh2 Nd3 25. Rb1 b6 26. f3 f5 27. Qe2 Rc1+
28. Rxc1 Nxc1 29. Qc2 Qa3 30. Qc8+ Kg7 31. Qc7+ Kh6 32. Qf4+ Kg7 33. Qe5+ Kf7
34. Qc7+ Kf6 35. Qd8+ Kf7 36. Qd7+ Qe7 37. Qxe7+ Kxe7 38. fxe4 fxe4 39. g4 b5
40. Nf1 b4 41. Nd2 Kd6 42. Kf2 b3 43. Nxe4+ Kd5 44. Nd2 b2 45. Nb1 Nd3+ 46. Ke2
Kc4 47. Kd2 Nf2 48. Kc2 Nxh3 49. Kxb2 Kd3 0-1

[Event "Junior Online 4NCL Division 2"]
[Site "online"]
[Date "2020.10.15"]
[Round "5.34"]
[White "Pitts, Daniel"]
[Black "Webb, Tom"]
[Result "1-0"]
[WhiteElo "1352"]
[BlackElo "1277"]
[PlyCount "97"]
[EventDate "2020.10.15"]
[WhiteTeam "Robin Hoods 1"]
[BlackTeam "Ojays E"]

1. e4 e5 2. Nf3 Nc6 3. Bc4 Bc5 4. b4 Bb6 5. c3 Nf6 6. Qb3 O-O 7. h3 d6 8. d3 h6
9. Na3 a6 10. b5 axb5 11. Bxb5 Be6 12. Qb2 Bc5 13. Bxc6 Bxa3 14. Qxb7 Bxc1 15.
Rxc1 Rb8 16. Qa7 Ra8 17. Qxa8 Qxa8 18. Bxa8 Rxa8 19. O-O Rxa2 20. d4 Bc4 21.
Rfe1 Bd3 22. dxe5 dxe5 23. Nxe5 Nxe4 24. Nxd3 Rd2 25. Rxe4 Rxd3 26. Re8+ Kh7
27. Rc8 Rd7 28. c4 Kg6 29. c5 Kf6 30. c6 Re7 31. Kh2 Ke6 32. Re1+ Kd6 33. Rxe7
Kxe7 34. Rxc7+ Kd6 35. Rc8 Ke7 36. Kg3 Ke6 37. Kf3 Kd5 38. Ke3 Ke6 39. Kd3 Kd6
40. Kc4 Ke7 41. Kb5 Kd6 42. Kb6 Ke5 43. Rd8 Kf4 44. c7 Ke4 45. c8=Q Kf4 46. Qc2
Kg5 47. Rd5+ Kf6 48. Qc3+ Ke6 49. Qe5# 1-0

[Event "Junior Online 4NCL Division 2"]
[Site "online"]
[Date "2020.10.15"]
[Round "5.35"]
[White "Stapleton, Dean"]
[Black "McAndrew, Rory"]
[Result "0-1"]
[WhiteElo "1457"]
[BlackElo "1375"]
[PlyCount "20"]
[EventDate "2020.10.15"]
[WhiteTeam "Robin Hoods 1"]
[BlackTeam "Ojays E"]

1. e4 e5 2. Nf3 Nc6 3. Bc4 Bc5 4. c3 Nf6 5. d4 exd4 6. e5 Ng4 7. Ng5 d5 8. exd6
Qxd6 9. Bxf7+ Kf8 10. O-O Qxh2# 0-1

[Event "Junior Online 4NCL Division 2"]
[Site "online"]
[Date "2020.10.15"]
[Round "5.36"]
[White "Deeke, James"]
[Black "Griffin-Young, Sebastian"]
[Result "1-0"]
[WhiteElo "1345"]
[BlackElo "1390"]
[PlyCount "87"]
[EventDate "2020.10.15"]
[WhiteTeam "Ojays E"]
[BlackTeam "Robin Hoods 1"]

1. e4 e5 2. Nf3 Nc6 3. Bb5 Nf6 4. d3 Bc5 5. Bg5 O-O 6. Nc3 d6 7. h3 Nd4 8. Nxd4
exd4 9. Nd5 c6 10. Nxf6+ gxf6 11. Bh6 cxb5 12. Bxf8 Qxf8 13. O-O Qg7 14. Qf3
Be6 15. a3 a5 16. Rfb1 Ra6 17. b4 axb4 18. axb4 Rxa1 19. Rxa1 Bb6 20. Ra8+ Qf8
21. Rxf8+ Kxf8 22. Qxf6 d5 23. exd5 Bxd5 24. Qxb6 Ba2 25. Qxd4 Bb1 26. c3 Ke7
27. Qd5 Kf6 28. d4 Bf5 29. Qf3 Kg5 30. Qd5 Kf4 31. g3+ Kg5 32. g4 Kf6 33. Qxf5+
Ke7 34. Qxh7 Ke8 35. g5 Kf8 36. g6 fxg6 37. Qxg6 Ke7 38. h4 Kf8 39. h5 Ke7 40.
h6 Kf8 41. h7 Ke7 42. h8=R Kd7 43. Rh7+ Kc8 44. Qg8# 1-0

[Event "Junior Online 4NCL Division 2"]
[Site "online"]
[Date "2020.10.15"]
[Round "5.37"]
[White "Wood, Ethan"]
[Black "Houlihan, Elisabeth"]
[Result "1/2-1/2"]
[WhiteElo "1375"]
[BlackElo "1285"]
[PlyCount "142"]
[EventDate "2020.10.15"]
[WhiteTeam "Robin Hoods 1"]
[BlackTeam "Ojays E"]

1. e4 e5 2. Nf3 Nc6 3. Nc3 Bc5 4. Bc4 Nf6 5. O-O O-O 6. d3 d6 7. Re1 Ng4 8. h3
Bxf2+ 9. Kf1 Bxe1 10. Kxe1 Nf6 11. Bg5 h6 12. Bxf6 Qxf6 13. Nd5 Qg6 14. Kf1 Be6
15. Nxc7 Rac8 16. Nxe6 fxe6 17. Kg1 Rf7 18. Nh4 Qf6 19. Qf3 Qxh4 20. Bxe6 Rcf8
21. Bxf7+ Rxf7 22. Qe3 Rf6 23. Rf1 Rxf1+ 24. Kxf1 Qf6+ 25. Kg1 g5 26. g4 Nd4
27. c3 Nf3+ 28. Kg2 Nh4+ 29. Kg3 Qf4+ 30. Qxf4 exf4+ 31. Kf2 Ng6 32. d4 Ne7 33.
e5 dxe5 34. dxe5 Nd5 35. c4 Ne7 36. Kf3 Kf7 37. Ke4 Ke6 38. b4 b6 39. a4 a6 40.
a5 bxa5 41. bxa5 f3 42. Kxf3 Kxe5 43. Ke3 Nc6 44. Kd3 Nxa5 45. Kc3 Nc6 46. Kb3
Kd4 47. Ka4 Kxc4 48. Ka3 a5 49. Ka4 Kc3 50. Kb5 a4 51. Kxa4 Ne5 52. Kb5 Kd4 53.
Kb4 Ke4 54. Kc5 Kf4 55. Kd5 Ng6 56. Ke6 Kg3 57. Kf6 Ne7 58. Kg7 Kxh3 59. Kxh6
Kxg4 60. Kg7 Nf5+ 61. Kg6 Kf4 62. Kf6 g4 63. Kg6 g3 64. Kh5 g2 65. Kg6 g1=Q+
66. Kf6 Qc5 67. Kg6 Qf8 68. Kh5 Qh8+ 69. Kg6 Qf8 70. Kh5 Ng7+ 71. Kg6 Nf5
1/2-1/2

[Event "Junior Online 4NCL Division 2"]
[Site "online"]
[Date "2020.10.15"]
[Round "5.38"]
[White "Webb, Tom"]
[Black "Pitts, Daniel"]
[Result "1-0"]
[WhiteElo "1277"]
[BlackElo "1352"]
[PlyCount "65"]
[EventDate "2020.10.15"]
[WhiteTeam "Ojays E"]
[BlackTeam "Robin Hoods 1"]

1. e4 e5 2. Nf3 Nc6 3. Bc4 Bc5 4. b4 Bxb4 5. c3 Bc5 6. d4 exd4 7. cxd4 Bb4+ 8.
Bd2 Nf6 9. Bxb4 Nxb4 10. e5 Nfd5 11. Qb3 c6 12. Nc3 Nxc3 13. Qxc3 Nd5 14. Bxd5
cxd5 15. O-O d6 16. h3 dxe5 17. Rfe1 O-O 18. dxe5 Be6 19. Rad1 Rc8 20. Qb4 Rc7
21. Rc1 Rd7 22. Nd4 a5 23. Qb5 Re8 24. f4 f6 25. exf6 Qxf6 26. Nxe6 Rxe6 27.
Qxd7 Rxe1+ 28. Rxe1 Qd4+ 29. Kh1 h6 30. Re8+ Kh7 31. Qf5+ g6 32. Re7+ Kg8 33.
Qc8# 1-0

[Event "Junior Online 4NCL Division 2"]
[Site "online"]
[Date "2020.10.15"]
[Round "5.41"]
[White "Shahameeran, Ashika"]
[Black "Anand, Dhriti"]
[Result "0-1"]
[WhiteElo "1330"]
[BlackElo "1495"]
[PlyCount "104"]
[EventDate "2020.10.15"]
[WhiteTeam "St John's College B"]
[BlackTeam "May The Fork Be With You 2"]

1. e4 c5 2. Nf3 d6 3. Nc3 Nc6 4. Bb5 a6 5. Bc4 e6 6. O-O Nf6 7. d4 cxd4 8. Nxd4
Be7 9. Bg5 O-O 10. Nxc6 bxc6 11. Qf3 d5 12. e5 Nd7 13. Bxe7 Qxe7 14. Bd3 Nxe5
15. Qg3 Nxd3 16. Qxd3 a5 17. Qg3 Bb7 18. Ne2 Ba6 19. Rfe1 Bxe2 20. Rxe2 Rab8
21. Qc3 Qb4 22. Qxc6 Qxb2 23. Ree1 Rb6 24. Qc5 Rfb8 25. h3 Qb4 26. Qe3 h6 27.
c3 Qc4 28. Qd2 Rb2 29. Qc1 Rxa2 30. Rxa2 Qxa2 31. Qf4 Rc8 32. Qd4 Qc4 33. Re3
Qxd4 34. cxd4 Ra8 35. Ra3 f6 36. f4 g5 37. g3 Kf7 38. Kf2 Ke7 39. Ke3 Kd6 40.
Kd3 gxf4 41. gxf4 e5 42. f5 e4+ 43. Kc3 a4 44. Kb4 Kc6 45. Ra1 a3 46. Kc3 a2
47. Kb2 Kb5 48. Kb3 Ra5 49. Kb2 Kc4 50. Kc2 Kxd4 51. Rd1+ Ke5 52. Ra1 Kxf5 0-1